Системы автоматизированного проектирования технологических процессов, приспособлений и режущих инструментов: учебное пособие

Бібліографічні деталі
Інші автори: Корчак С. Н. Станислав Николаевич (редактор)
Мова:Російська
Опубліковано: Москва, Машиностроение, 1988
Предмети:
Формат: Книга
KOHA link:https://koha.lib.tpu.ru/cgi-bin/koha/opac-detail.pl?biblionumber=34659

MARC

LEADER 00000nam0a2200000 4500
001 34659
005 20231101210241.0
010 |a 5217002379 
035 |a (RuTPU)RU\TPU\book\35064 
035 |a BOOK00001715 
090 |a 34659 
100 |a 20011210d1988 m y0rusy50 ca 
101 0 |a rus 
102 |a RU 
105 |a y j 000zy 
200 1 |a Системы автоматизированного проектирования технологических процессов, приспособлений и режущих инструментов  |e учебное пособие  |f под ред. С. Н. Корчака 
210 |a Москва  |c Машиностроение  |d 1988 
215 |a 351 с. 
606 1 |a Режущие инструменты  |x Проектирование  |x автоматизация  |2 stltpush  |3 (RuTPU)RU\TPU\subj\24410  |9 48762 
610 1 |a технологическое проектирование 
610 1 |a приспособления 
610 1 |a задачи 
610 1 |a решения 
610 1 |a практические пособия 
610 1 |a учебные пособия 
675 |a 621.9.02.001.63(075.8)  |v 3 
702 1 |a Корчак  |b С. Н.  |g Станислав Николаевич  |4 340 
801 0 |a RU  |b 63413507  |c 20011210  |g PSBO 
801 2 |a RU  |b 63413507  |c 20150910  |g PSBO 
900 |a Системы автоматизированного проектирования технологических процессов 
900 |a Проектирование и производство режущего инструмента 
900 |a Проектирование и производство режущих инструментов 
942 |c BK